| 000 | 00817na a2200277 4500 | ||
|---|---|---|---|
| 001 | 19311 | ||
| 003 | MIRAKIL | ||
| 005 | 20181213155100.0 | ||
| 008 | 170116b tu 000 0 | ||
| 020 | _a976055614256 | ||
| 040 |
_aMilas _btur _cTR-AnCHP |
||
| 041 | _atur | ||
| 082 |
_a342.06 _bS23g 2010 |
||
| 090 | _a342.06 S23g 2010 | ||
| 100 | _aSağır, Meral Öztoprak | ||
| 245 |
_aGüncel gelişmeler ışığında Türkiye'de hukuk eğitimi _cMeral Öztoprak Sağır |
||
| 260 |
_aAnkara _bTürkiye Barolar Birliği _c2010 |
||
| 300 |
_a209 s. _c24 sm. |
||
| 490 |
_aTürkiye Barolar Birliği Yayınları _v173 |
||
| 500 | _aYapıt yazarından imzalı | ||
| 500 | _aKaynakça var. | ||
| 500 | _aDizin var. | ||
| 650 |
_aEğitim _zTürkiye |
||
| 650 |
_aHukuk eğitimi _zTürkiye |
||
| 942 |
_2dcc _cBKS |
||
| 999 |
_c6215 _d6215 |
||